ბათუმის შოთა რუსთაველის სახელმწიფო უნივერსიტეტის ბიბლიოთეკა

ეკონომეტრია (ბიბ.ჩანაწერი № 51598)

000 -LEADER
fixed length control field 00619nam a2200229Ia 4500
001 - CONTROL NUMBER
control field 18589
003 - CONTROL NUMBER IDENTIFIER
control field GE_BSU
008 - FIXED-LENGTH DATA ELEMENTS--GENERAL INFORMATION
fixed length control field 181216s||||||||xx |||||||||||||| ||und||
040 ## - CATALOGING SOURCE
Transcribing agency GE_BSU
080 ## - UNIVERSAL DECIMAL CLASSIFICATION NUMBER
Universal Decimal Classification number 33(075.8)
100 ## - MAIN ENTRY--PERSONAL NAME
Personal name ანანიაშვილი,იური
245 ## - TITLE STATEMENT
Title ეკონომეტრია
260 ## - PUBLICATION, DISTRIBUTION, ETC.
Place of publication, distribution, etc. თბილისი
260 ## - PUBLICATION, DISTRIBUTION, ETC.
Name of publisher, distributor, etc. მერიდიანი
260 ## - PUBLICATION, DISTRIBUTION, ETC.
Date of publication, distribution, etc. 2010
300 ## - PHYSICAL DESCRIPTION
Extent 340გვ.
520 ## - SUMMARY, ETC.
Summary, etc. ქსეროქსი
653 ## - INDEX TERM--UNCONTROLLED
Uncontrolled term ეკონომეტრია
653 ## - INDEX TERM--UNCONTROLLED
Uncontrolled term ეკონომიკა
942 ## - ADDED ENTRY ELEMENTS (KOHA)
Koha item type წიგნი
ეგზემპლარები
Withdrawn status Lost status Damaged status Not for loan Date acquired Barcode Date last seen Price effective from Koha item type Public note
        2018-12-17 00332 ქსეროქსი 2018-12-17 2018-12-17 წიგნი ქსეროქსი